书目信息 |
| 题名: |
智能制造时代汽车安全性能检测技术及应用研究
|
|
| 作者: | 马新波 , 毛翠丽 著 | |
| 分册: | ||
| 出版信息: | 长沙 中南大学出版社 2021.09 |
|
| 页数: | 301页 | |
| 开本: | 24cm | |
| 丛书名: | ||
| 单 册: | ||
| 中图分类: | U472.9 | |
| 科图分类: | ||
| 主题词: | 汽车--qi che--故障检测--研究 | |
| 电子资源: | ||
| ISBN: | 978-7-5487-4665-2 | |
| 000 | 01404nam0 2200277 450 | |
| 001 | CAL 0120217324607 | |
| 005 | 20230217093113.0 | |
| 010 | @a978-7-5487-4665-2@dCNY89.00 | |
| 100 | @a20211221d2021 em y0chiy0120 ea | |
| 101 | 0 | @achi |
| 102 | @aCN@b430000 | |
| 105 | @aak a 000yy | |
| 106 | @ar | |
| 200 | 1 | @a智能制造时代汽车安全性能检测技术及应用研究@Azhi neng zhi zao shi dai qi che an quan xing neng jian ce ji shu ji ying yong yan jiu@f马新波, 毛翠丽著 |
| 210 | @a长沙@c中南大学出版社@d2021.09 | |
| 215 | @a301页@c图@d24cm | |
| 300 | @a河南省重点研发与推广专项 (科技攻关) 项目 河南省高等学校重点科研项目 国家自然科学基金面上项目“提高相移条纹投影三维测量精度的主值相位反向误差补偿法” | |
| 314 | @a马新波, 女, 讲师, 博士, 南阳理工学院智能制造学院专任教师, 博士毕业于澳门大学科技学院机电工程系汽车工程实验室。毛翠丽, 讲师, 硕士, 南阳理工学院智能制造学院专任教师, 硕士毕业于西安工业大学光电工程学院测试计量技术与仪器专业。 | |
| 320 | @a有书目 (第296-301页) | |
| 330 | @a本书属于智能制造与汽车检测技术方面的著作, 由智能制造、智能汽车概述、智能制造时代汽车信息化技术理论、汽车危险驾驶智能监控、环境感知技术与视觉传感器、智能汽车紧急控制策略、汽车智能制造案例等部分构成。 | |
| 606 | 0 | @a汽车@Aqi che@x故障检测@x研究 |
| 690 | @aU472.9@v5 | |
| 701 | 0 | @a马新波@Ama xin bo@4著 |
| 701 | 0 | @a毛翠丽@Amao cui li@4著 |
| 801 | 0 | @aCN@bBJXHZP@c20230228 |
| 905 | @b1380819-22@dU472.9@e1112@f4 | |
| 智能制造时代汽车安全性能检测技术及应用研究/马新波, 毛翠丽著.-长沙:中南大学出版社,2021.09 |
| 301页:图;24cm |
| 河南省重点研发与推广专项 (科技攻关) 项目 河南省高等学校重点科研项目 国家自然科学基金面上项目“提高相移条纹投影三维测量精度的主值相位反向误差补偿法” |
| ISBN 978-7-5487-4665-2:CNY89.00 |
| 本书属于智能制造与汽车检测技术方面的著作, 由智能制造、智能汽车概述、智能制造时代汽车信息化技术理论、汽车危险驾驶智能监控、环境感知技术与视觉传感器、智能汽车紧急控制策略、汽车智能制造案例等部分构成。 |
| ● |
| 相关链接 |
|
|
|
|
正题名:智能制造时代汽车安全性能检测技术及应用研究
索取号:U472.9/1112
 
预约/预借
| 序号 | 登录号 | 条形码 | 馆藏地/架位号 | 状态 | 备注 |
| 1 | 1380819 | 213808192 | 第二样本阅览室/ [索取号:U472.9/1112] | 在馆 | |
| 2 | 1380820 | 213808209 | 第三借阅区/ [索取号:U472.9/1112] | 在馆 | |
| 3 | 1380821 | 213808218 | 第三借阅区/ [索取号:U472.9/1112] | 在馆 | |
| 4 | 1380822 | 213808227 | 第三借阅区/ [索取号:U472.9/1112] | 在馆 |